000 01324nam a2200349 a 4500
001 000115415
003 CHAP
005 20220817044813.0
008 190520s2018 mx a |sm |||||||spa d
010 _a111876
011 _a112848
040 _cCHAP
090 _aTesis
100 1 _aSantiago Guzmán, Marina.
_9135668
245 1 4 _aLas exportaciones mexicanas de azúcar hacia Estados Unidos en el contexto de la apertura comercial
_h[En línea]
_cpor Marina Santiago Guzmán.
260 _aChapingo, Méx. :
_bEl autor,
_c2018.
500 _aPara ver el contenido del material haga clic en la liga
502 _aTesis (Lic. en Comercio Internacional) -- UACH. División de Ciencias Económico Administrativas
590 _aBATCH-UPD
_b05
_c20190520
_lUCH01
_h1256
590 _aE11695DGD
_b10
_c20190521
_lUCH01
_h1243
590 _aE11695DGD
_b10
_c20190521
_lUCH01
_h1244
590 _aE6339RRR
_b05
_c20190520
_lUCH01
_h1255
590 _aE6339RRR
_b05
_c20190520
_lUCH01
_h1256
650 1 4 _aAzúcar
_xCostos de producción.
_99149
650 1 4 _aAzúcar
_xExportación.
_99151
650 1 4 _aAzúcar
_xMéxico
_xEstadísticas.
_99168
650 1 4 _aTratado Trilateral de Libre Comercio.
856 _aFinding aid
_uhttp://10.13.5.2/tesis/sist115415.pdf
_zTeclea aquí
901 _aBK
942 _cTESIS
942 _n0
999 _c111876
_d111876